UBT Library

Corporate media production / (Record no. 1202)

000 -LEADER
fixed length control field 00471nam a22001817a 4500
008 - FIXED-LENGTH DATA ELEMENTS--GENERAL INFORMATION
fixed length control field 150930b xxu||||| |||| 00| 0 eng d
020 ## - INTERNATIONAL STANDARD BOOK NUMBER
International Standard Book Number 0240803655
041 0# - LANGUAGE CODE
Language code of text/sound track or separate title eng
080 ## - UNIVERSAL DECIMAL CLASSIFICATION NUMBER
Universal Decimal Classification number 789.983
100 1# - Rafti
Rafti DiZazzo, Raymond.
245 10 - TITLE STATEMENT
Title Corporate media production /
Statement of responsibility, etc Ray DiZazzo.
260 ## -
-- Boston :
-- Focal Press,
-- 2000.
300 ## -
-- xii, 244 f. :
-- me il.;
-- 28 cm.
650 #0 -
-- Media
650 #0 -
-- Inqizimi i videove
650 #0 -
-- Televizion
942 ## - ADDED ENTRY ELEMENTS (KOHA)
Source of classification or shelving scheme
Item type Books
Holdings
Withdrawn status Lost status Source of classification or shelving scheme Damaged status Not for loan Collection code Permanent location Current location Shelving location Date acquired Total Checkouts Full call number Barcode Date last seen Koha item type Price effective from
          Koleksioni i përgjithshem UBT - Lipjan UBT - Lipjan Koleksioni i përgjithshem 09/30/2015   789.983 DIZ 002-008102 09/30/2015 Books  
          Koleksioni i përgjithshem UBT - Lipjan UBT - Lipjan Koleksioni i përgjithshem 10/01/2015   789.983 DIZ 002-008103 10/01/2015 Books 10/01/2015
          Koleksioni i përgjithshem UBT - Lipjan UBT - Lipjan Koleksioni i përgjithshem 10/01/2015   789.983 DIZ 002-008104 10/01/2015 Books 10/01/2015
          Koleksioni i përgjithshem UBT - Lipjan UBT - Lipjan Koleksioni i përgjithshem 10/01/2015   789.983 DIZ 002-008109 10/01/2015 Books 10/01/2015
UBT Library © 2015-2024. All rights reserved University Education for Business and Technology